000 00290nam a2200121Ia 4500
008 191201s2011 xx 000 0 und d
100 _aKANETKAR, Yashavant
245 0 _aWorking with C
250 _aRep
260 _c2011
_bBPB Publication
_aNEW DELHI
300 _a520
942 _2ddc
_cBK
_025
999 _c7798
_d7798